Programturizmus és garantált túrák Budapesten
| Szerző: | |
|---|---|
| További közreműködők: | |
| Dokumentumtípus: | Projektmunka |
| Kulcsszavak: | garantált túrák programszervezés turisztikai szolgáltatók turizmus utazási iroda |
| Online Access: | http://dolgozattar.uni-bge.hu/60095 |
MARC
| LEADER | 00000nnm a2200000 i 4500 | ||
|---|---|---|---|
| 001 | dolg60095 | ||
| 005 | 20260409150001.0 | ||
| 008 | 260409suuuu hu o 000 hun d | ||
| 040 | |a BGE Dolgozattár Repozitórium |b hun | ||
| 041 | |a hu | ||
| 100 | 1 | |a Kiss Panna | |
| 245 | 1 | 0 | |a Programturizmus és garantált túrák Budapesten |c Kiss Panna |h [elektronikus dokumentum] |
| 516 | |a Project_work | ||
| 520 | 3 | |a A dokumentum átfogó képet nyújt Budapest garantált túráiról és a programturizmus szerepéről. Részletesen bemutatja a turizmus, mint szolgáltatás működését, a turisták elvárásait, valamint az élményalapú turisztikai piac meghatározó tényezőit. Külön fejezetek foglalkoznak az utazási irodákkal, valamint azokkal a szolgáltatókkal – például hajós, járműves és egyéb élményalapú cégekkel –, amelyek garantált programokat kínálnak a fővárosban. A tanulmány kitér az időszakos és szezonális túrákra, valamint a marketing és promóciós eszközök, az online foglalási platformok és a mesterséges intelligencia szerepére is a turisztikai szolgáltatások népszerűsítésében. Végül bemutatja a jogi szabályozásokat, valamint a kutatási eredményeket és következtetéseket. | |
| 695 | |a garantált túrák | ||
| 695 | |a programszervezés | ||
| 695 | |a turisztikai szolgáltatók | ||
| 695 | |a turizmus | ||
| 695 | |a utazási iroda | ||
| 700 | 1 | |a Karsai Dr. Árpád Sándor |e ths | |
| 856 | 4 | 0 | |u http://dolgozattar.uni-bge.hu/60095/1/Programturizmus%20e%CC%81s%20garanta%CC%81lt%20tu%CC%81ra%CC%81k%20Budapesten%20%20-Kiss%20Panna%20pdf.pdf |z Dokumentum-elérés |
| 856 | 4 | 0 | |u http://dolgozattar.uni-bge.hu/60095/2/Kiss%20Panna%20FOSZK%20b%C3%ADr%C3%A1lat%20Karsai%20%C3%81rp%C3%A1d.pdf |z Dokumentum-elérés |